000 00532nam a2200169Ia 4500
008 180921t2016 xxu||||| |||| 00| 0 sin d
041 _asin
080 _a793.3
_bDAN
100 _aDanansooriya, A.W.Namalei Darmakanthi
245 _aඋඩරට කොහොඹා කංකාරිය සමග දහ අට වන්නම
246 _aUdarata Kohoba Kankariya Samaga Daha Ata Wannnama
260 _bSerie
_aColombo
_c2016
300 _b103p, 23cm
942 _cBK
999 _c1149
_d1149
003 LK-CoDNM
040 _aLK-CoDNM
_dLK-CoDNM
_eLK-CoDNM